000 00643nam a2200241Ia 4500
003 OSt
005 20220918182022.0
006 a|||||r|||| 00| 0
007 ta
008 220917b |||||||| |||| 00| 0 eng d
024 _a30,107
037 _cTextual
040 _aARTS
_cARTS
_beng
041 _2eng
_aeng
082 _aO111,3LNFO,3, L7 (EO)
100 _aFowles John
245 0 _aMagus
_b A revised vision
260 _aGranda
_bGranada Publishers
_c1977
300 _a656p.
_ccm.
650 _aENGLISH LITERATURE
942 _hO111,3LNFO,3, L7 (EO)
_cTEXL
_2CC
999 _c167605
_d167605